Dirigeants soviétiques - Images. - Statistiques

Statistiques générales
  • Ce quiz a été pris 319 fois
  • Le résultat moyen est 5 sur 7
Statistiques - réponses
Par images Hint Réponse % Correct
1924-1953 Joseph Staline
100%
1917-1924 Vladimir Ilitch Lénine
99%
1985-1991 Mikhail Gorbatchev
85%
1953-1964 Nikita Khrouchtchev
60%
1964-1982 Leonid Brejnev
58%
1982-1984 Iouri Andropov
38%
1984-1985 Konstantin Tchernenko
27%
Aucun quiz correspondant
Distribution des résultats
% des personnes avec chaque résultat
Percentile par nombre de réponses
Votre historique - résultats
Vous n’avez pas pris ce quiz